Xin được nói thẳng

Uloženo v:
Podrobná bibliografie
Hlavní autor: Hoàng, Tụy
Další autoři: Thảo Nguyên (Dịch)
Médium: Kniha
Jazyk:Vietnamese
Vydáno: Hà Nội Thế giới 2019
Témata:
Tagy: Přidat tag
Žádné tagy, Buďte první, kdo otaguje tento záznam!
Thư viện lưu trữ: Trung tâm Học liệu Lê Vũ Hùng, Trường Đại học Đồng Tháp
LEADER 00697pam a22002298a 4500
001 00044984
005 20191017141059.0
008 131216s2013 ||||||viesd
020 # # |a 978 604 77 6209 5  |c 189000 
041 0 # |a Vie 
082 1 4 |a 370.959 7  |b X311Đ 
100 # # |a Hoàng, Tụy 
245 0 0 |c Hoàng Tụy  |a Xin được nói thẳng 
260 # # |a Hà Nội  |c 2019  |b Thế giới 
300 # # |c 21 cm  |a 436 tr. 
653 # # |a Giáo dục học 
653 # # |a Việt Nam 
653 # # |a bài viết 
700 # # |a Thảo Nguyên (Dịch) 
852 # # |j KD.0026572 
910 # # |d 17/10/2019 
980 # # |a Trung tâm Học liệu Lê Vũ Hùng, Trường Đại học Đồng Tháp